Rock and Roll Hall of Fame EVERY Inductee - Statistics

General Stats
  • This quiz has been taken 643 times
  • The average score is 165 of 394
Answer Stats
Year Inducted Category Musician/Group % Correct
1988 Performers The Beatles
91%
1994 Performers Elton John
90%
1986 Performers Elvis Presley
89%
1994 Performers John Lennon
88%
2001 Performers Michael Jackson
88%
2019 Performers Janet Jackson
87%
1995 Performers Led Zeppelin
86%
1997 Early Influences Mahalia Jackson
86%
1999 Performers Paul McCartney
86%
2009 Early Influences Wanda Jackson
86%
2004 Performers George Harrison
84%
2001 Performers Queen
83%
2014 Performers Nirvana
82%
1989 Performers The Rolling Stones
82%
2008 Performers Madonna
80%
2009 Performers Metallica
79%
1988 Performers The Beach Boys
78%
1990 Performers The Who
78%
1999 Performers Bruce Springsteen
77%
1986 Performers Buddy Holly
77%
1986 Performers Chuck Berry
77%
2012 Performers The Crickets
77%
2009 Musical Excellence Bill Black
76%
2022 Performers Carly Simon
76%
1986 Performers James Brown
76%
1995 Performers Al Green
75%
2001 Performers Paul Simon
75%
1996 Performers Pink Floyd
75%
2003 Performers AC/DC
74%
2001 Performers Aerosmith
74%
2022 Performers Eminem
74%
1987 Performers Aretha Franklin
73%
1993 Performers Cream
73%
1998 Performers Eagles
73%
1995 Performers Neil Young
73%
1993 Performers The Doors
73%
1990 Performers The Kinks
73%
1999 Performers Billy Joel
72%
1988 Performers Bob Dylan
72%
2007 Performers Patti Smith
72%
2004 Performers Prince
72%
1990 Performers Simon & Garfunkel
72%
2017 Performers Tupac Shakur
72%
2006 Performers Black Sabbath
71%
1993 Performers Ruth Brown
71%
2005 Performers U2
71%
1999 Early Influences Charles Brown
70%
2000 Performers Eric Clapton
70%
1992 Performers Johnny Cash
70%
2017 Performers Journey
70%
1993 Performers Creedence Clearwater Revival
68%
1998 Performers Fleetwood Mac
68%
2010 Performers Genesis
68%
1995 Performers Janis Joplin
68%
1997 Performers The Jackson 5
68%
1989 Early Influences Bessie Smith
67%
2022 Performers Dolly Parton
67%
2012 Performers Guns N' Roses
67%
1986 Performers Little Richard
67%
1987 Performers Marvin Gaye
67%
2024 Performers Ozzy Osbourne
67%
2003 Performers The Police
67%
2007 Performers Van Halen
67%
2010 Performers ABBA
66%
2006 Performers Sex Pistols
66%
2023 Performers Willie Nelson
66%
2021 Performers Carole King
65%
2015 Performers Green Day
65%
1991 Performers Ike & Tina Turner
65%
1989 Performers Stevie Wonder
65%
2021 Performers Tina Turner
65%
1987 Performers B.B. King
64%
1993 Performers Etta James
64%
2013 Performers Heart
64%
1986 Performers Jerry Lee Lewis
64%
2015 Performers Joan Jett & the Blackhearts
64%
2006 Performers Miles Davis
64%
1986 Performers Ray Charles
64%
2003 Performers The Clash
64%
2006 Performers Blondie
63%
1992 Early Influences Elmore James
63%
2012 Performers Red Hot Chili Peppers
63%
1993 Performers Van Morrison
63%
2004 Performers ZZ Top
63%
1997 Performers Bee Gees
62%
1997 Performers Crosby, Stills & Nash
62%
2021 Performers Foo Fighters
62%
2017 Performers Pearl Jam
62%
2007 Performers R.E.M.
62%
2009 Performers Run-DMC
62%
1998 Performers Santana
62%
2020 Performers The Notorious B.I.G.
62%
1988 Performers The Supremes
62%
2020 Performers Whitney Houston
62%
2017 Performers Yes
62%
2013 Performers Albert King
61%
1987 Performers Big Joe Turner
61%
2018 Performers Bon Jovi
61%
1996 Performers David Bowie
61%
2021 Performers Jay-Z
61%
1987 Performers Ricky Nelson
61%
2016 Performers Steve Miller
61%
1992 Performers The Yardbirds
61%
2024 Performers Cher
60%
2012 Early Influences Freddie King
60%
1997 Performers Joni Mitchell
60%
2006 Performers Lynyrd Skynyrd
60%
2013 Performers Rush
60%
2002 Performers Tom Petty and the Heartbreakers
60%
1994 Performers Bob Marley
59%
2017 Performers Electric Light Orchestra
59%
2023 Performers George Michael
59%
1987 Performers Jackie Wilson
59%
1987 Performers Roy Orbison
59%
1994 Performers The Animals
59%
2018 Performers The Cars
59%
1990 Performers The Four Tops
59%
2000 Ahmet Ertegun Award Clive Davis
58%
2016 Performers Deep Purple
58%
1989 Performers Dion
58%
2018 Performers Dire Straits
58%
2022 Performers Duran Duran
58%
2016 Performers N.W.A.
58%
1989 Performers Otis Redding
58%
2002 Performers Ramones
58%
2015 Musical Excellence Ringo Starr
58%
1994 Performers Rod Stewart
58%
1995 Performers The Allman Brothers Band
58%
1989 Performers The Temptations
58%
1997 Performers Buffalo Springfield
57%
2000 Performers James Taylor
57%
2014 Performers Kiss
57%
2013 Ahmet Ertegun Award Quincy Jones
57%
2019 Performers The Cure
57%
1986 Performers The Everly Brothers
57%
1994 Performers The Grateful Dead
57%
1995 Performers Frank Zappa
55%
2019 Performers Stevie Nicks
55%
1990 Performers The Four Seasons
55%
2016 Performers Chicago
54%
2019 Performers Def Leppard
54%
1999 Performers Dusty Springfield
54%
1986 Performers Fats Domino
54%
2014 Performers Hall & Oates
54%
1986 Performers Sam Cooke
54%
2012 Performers The Miracles
54%
2019 Performers The Zombies
54%
2011 Performers Alice Cooper
53%
2000 Performers Earth, Wind & Fire
53%
2024 Performers Foreigner
53%
1996 Performers Jefferson Airplane
53%
2022 Performers Lionel Richie
53%
2015 Performers Lou Reed
53%
2001 Performers Steely Dan
53%
2011 Performers Neil Diamond
52%
1991 Performers The Byrds
52%
1996 Performers The Velvet Underground
52%
2009 Performers Jeff Beck
51%
2015 Performers Stevie Ray Vaughan & Double Trouble
51%
1998 Performers The Mamas & the Papas
51%
2007 Performers The Ronettes
51%
2012 Performers Beastie Boys
50%
2020 Performers Depeche Mode
50%
2003 Performers Elvis Costello & the Attractions
50%
1987 Early Influences Hank Williams
50%
2014 Performers Peter Gabriel
50%
1986 Early Influences Robert Johnson
50%
1987 Performers Smokey Robinson
50%
2002 Performers Talking Heads
50%
1994 Performers The Band
50%
2012 Musical Excellence Glyn Johns
49%
2002 Ahmet Ertegun Award Jim Stewart
49%
2013 Performers Public Enemy
49%
1992 Performers The Isley Brothers
49%
1987 Performers Bill Haley
48%
1996 Performers Gladys Knight & the Pips
48%
2023 Performers Kate Bush
48%
2019 Performers Radiohead
48%
2020 Performers The Doobie Brothers
48%
2013 Performers Donna Summer
47%
1991 Performers Jimmy Reed
47%
2001 Musical Excellence Johnnie Johnson
47%
1991 Performers LaVern Baker
47%
1993 Performers Sly and the Family Stone
47%
2005 Performers The Pretenders
47%
2003 Performers The Righteous Brothers
47%
2010 Performers The Stooges
47%
2022 Performers Eurythmics
46%
1988 Early Influences Les Paul
46%
1987 Performers Muddy Waters
46%
2001 Performers Ritchie Valens
46%
1987 Performers Carl Perkins
45%
2008 Performers Leonard Cohen
45%
2022 Ahmet Ertegun Award Sylvia Robinson
45%
2015 Performers Bill Withers
43%
2004 Performers Bob Seger
43%
1992 Performers Booker T. & the M.G.'s
43%
2002 Performers Brenda Lee
43%
2016 Performers Cheap Trick
43%
1987 Performers Eddie Cochran
43%
2017 Performers Joan Baez
43%
2018 Performers Nina Simone
43%
2020 Performers Nine Inch Nails
43%
1997 Performers Parliament-Funkadelic
43%
2000 Performers Bonnie Raitt
42%
2014 Performers Cat Stevens
42%
2024 Performers Dave Matthews Band
42%
2023 Performers Missy Elliott
42%
2023 Performers Sheryl Crow
42%
1996 Performers The Shirelles
42%
2012 Performers The Small Faces
42%
2004 Performers Traffic
42%
1999 Performers Curtis Mayfield
41%
2007 Performers Grandmaster Flash and the Furious Five
41%
2002 Performers Isaac Hayes
41%
1991 Performers John Lee Hooker
41%
2014 Performers Linda Ronstadt
41%
2023 Performers Rage Against the Machine
41%
2024 Performers Mary J. Blige
40%
2010 Performers The Hollies
40%
2018 Performers The Moody Blues
40%
1990 Performers The Platters
40%
1991 Performers Wilson Pickett
40%
1987 Performers Bo Diddley
39%
2004 Performers Jackson Browne
39%
2024 Performers Kool & The Gang
39%
1992 Performers Sam & Dave
39%
2008 Performers The Ventures
39%
2012 Performers Donovan
38%
1999 Ahmet Ertegun Award George Martin
38%
1995 Performers Martha and the Vandellas
38%
2019 Performers Roxy Music
38%
2008 Performers The Dave Clark Five
38%
1988 Performers The Drifters
38%
2000 Performers The Lovin' Spoonful
38%
2023 Performers The Spinners
38%
1990 Performers Bobby Darin
37%
2011 Performers Dr. John
37%
2024 Performers Peter Frampton
37%
1987 Performers The Coasters
37%
2020 Performers T. Rex
37%
2011 Performers Darlene Love
36%
1992 Performers Jimi Hendrix Experience
36%
1990 Early Influences Louis Armstrong
36%
1991 Performers The Impressions
36%
1999 Performers The Staple Singers
36%
1993 Performers Frankie Lymon & The Teenagers
35%
2008 Performers John Mellencamp
35%
2013 Performers Randy Newman
35%
2021 Performers The Go-Go's
35%
1999 Performers Del Shannon
34%
1994 Performers Duane Eddy
34%
2017 Musical Excellence Nile Rodgers
34%
2005 Performers The O'Jays
34%
2005 Performers Percy Sledge
33%
1989 Ahmet Ertegun Award Phil Spector
33%
2000 Performers The Moonglows
33%
2005 Performers Buddy Guy
32%
1986 Early Influences Jimmie Rodgers
32%
2015 Performers The Paul Butterfield Blues Band
32%
2011 Performers Tom Waits
32%
2009 Performers Bobby Womack
30%
1987 Performers Clyde McPhatter
30%
1998 Performers Gene Vincent
30%
2010 Performers Jimmy Cliff
30%
2022 Musical Excellence Judas Priest
30%
1987 Early Influences T-Bone Walker
30%
2004 Performers The Dells
30%
2001 Performers The Flamingos
30%
2024 Performers A Tribe Called Quest
29%
2000 Early Influences Billie Holiday
29%
1996 Performers Little Willie John
29%
1998 Performers Lloyd Price
29%
2001 Performers Solomon Burke
29%
2024 Musical Excellence Dionne Warwick
28%
2021 Performers Todd Rundgren
28%
1988 Early Influences Woody Guthrie
28%
1993 Ahmet Ertegun Award Dick Clark
27%
1990 Performers Hank Ballard
27%
2010 Ahmet Ertegun Award Jesse Stone
27%
2002 Performers Gene Pitney
26%
1991 Early Influences Howlin' Wolf
26%
2012 Performers Laura Nyro
26%
2021 Musical Excellence LL Cool J
25%
2000 Early Influences Nat King Cole
25%
2021 Early Influences Kraftwerk
24%
2000 Musical Excellence Scotty Moore
24%
1997 Performers The Young Rascals
24%
1987 Ahmet Ertegun Award Ahmet Ertegun
23%
2009 Performers Little Anthony and the Imperials
22%
1991 Ahmet Ertegun Award Nesuhi Ertegun
21%
1988 Ahmet Ertegun Award Berry Gordy Jr.
20%
2023 Musical Excellence Chaka Khan
20%
1986 Ahmet Ertegun Award Sam Phillips
20%
2023 Early Influences Link Wray
18%
2002 Musical Excellence Chet Atkins
17%
1994 Ahmet Ertegun Award Johnny Otis
17%
1990 Early Influences Ma Rainey
17%
1988 Early Influences Lead Belly
16%
2018 Early Influences Sister Rosetta Tharpe
16%
1997 Early Influences Bill Monroe
15%
2021 Musical Excellence Billy Preston
15%
2014 Ahmet Ertegun Award Brian Epstein
15%
2000 Musical Excellence Earl Palmer
14%
1996 Early Influences Pete Seeger
14%
1989 Early Influences The Ink Spots
14%
1986 Ahmet Ertegun Award Alan Freed
13%
2024 Early Influences Big Mama Thornton
13%
1993 Early Influences Dinah Washington
13%
2024 Musical Excellence Jimmy Buffett
13%
2024 Early Influences John Mayall
13%
1992 Ahmet Ertegun Award Leo Fender
13%
1987 Early Influences Louis Jordan
13%
2023 Musical Excellence Bernie Taupin
12%
1992 Ahmet Ertegun Award Bill Graham
12%
2023 Early Influences DJ Kool Herc
12%
2001 Musical Excellence James Burton
12%
1986 Ahmet Ertegun Award John Hammond
12%
2024 Musical Excellence MC5
12%
2021 Musical Excellence Randy Rhoads
12%
2012 Performers The Comets
12%
2023 Musical Excellence Al Kooper
11%
2010 Ahmet Ertegun Award David Geffen
11%
2022 Early Influences Harry Belafonte
11%
2000 Musical Excellence James Jamerson
11%
2022 Performers Pat Benatar & Neil Giraldo
11%
2014 Musical Excellence The E Street Band
11%
2014 Ahmet Ertegun Award Andrew Loog Oldham
10%
2001 Ahmet Ertegun Award Chris Blackwell
10%
2009 Musical Excellence D.J. Fontana
10%
2022 Early Influences Elizabeth Cotten
10%
2000 Musical Excellence Hal Blaine
10%
1990 Ahmet Ertegun Award Holland-Dozier-Holland
10%
2004 Ahmet Ertegun Award Jann S. Wenner
10%
1987 Ahmet Ertegun Award Jerry Wexler
10%
1986 Early Influences Jimmy Yancey
10%
1987 Ahmet Ertegun Award Leonard Chess
10%
2011 Musical Excellence Leon Russell
10%
1991 Ahmet Ertegun Award Ralph Bass
10%
2005 Ahmet Ertegun Award Seymour Stein
10%
2009 Musical Excellence Spooner Oldham
10%
2003 Musical Excellence Steve Douglas
10%
1995 Early Influences The Orioles
10%
2012 Musical Excellence Tom Dowd
10%
1994 Early Influences Willie Dixon
10%
1998 Ahmet Ertegun Award Allen Toussaint
9%
2003 Musical Excellence Floyd Cramer
9%
1990 Ahmet Ertegun Award Gerry Goffin and Carole King
9%
1998 Early Influences Jelly Roll Morton
9%
1987 Ahmet Ertegun Award Jerry Leiber and Mike Stoller
9%
2022 Ahmet Ertegun Award Jimmy Iovine
9%
2022 Musical Excellence Jimmy Jam & Terry Lewis
9%
2010 Ahmet Ertegun Award Otis Blackwell
9%
1995 Ahmet Ertegun Award Paul Ackerman
9%
1992 Early Influences Professor Longhair
9%
2015 Early Influences The "5" Royales
9%
2012 Performers The Famous Flames
9%
2012 Performers The Midnighters
9%
1996 Ahmet Ertegun Award Tom Donahue
9%
2022 Ahmet Ertegun Award Allen Grubman
8%
2010 Ahmet Ertegun Award Barry Mann and Cynthia Weil
8%
1999 Early Influences Bob Wills & His Texas Playboys
8%
1990 Early Influences Charlie Christian
8%
1991 Ahmet Ertegun Award Dave Bartholomew
8%
1992 Ahmet Ertegun Award Doc Pomus
8%
2021 Early Influences Gil Scott-Heron
8%
2020 Ahmet Ertegun Award Irving Azoff
8%
2008 Musical Excellence Little Walter
8%
2003 Ahmet Ertegun Award Mo Ostin
8%
2024 Ahmet Ertegun Award Suzanne de Passe
8%
2012 Performers The Blue Caps
8%
1989 Early Influences The Soul Stirrers
8%
2024 Early Influences Alexis Korner
7%
2011 Ahmet Ertegun Award Art Rupe
7%
2003 Musical Excellence Benny Benjamin
7%
2016 Ahmet Ertegun Award Bert Berns
7%
1992 Performers Bobby "Blue" Band
7%
2021 Early Influences Charley Patton
7%
2021 Ahmet Ertegun Award Clarence Avant
7%
2012 Ahmet Ertegun Award Don Kirshner
7%
2006 Ahmet Ertegun Award Herb Alpert and Jerry Moss
7%
2011 Ahmet Ertegun Award Jac Holzman
7%
2008 Ahmet Ertegun Award Kenny Gamble and Leon Huff
7%
2013 Ahmet Ertegun Award Lou Adler
7%
1993 Ahmet Ertegun Award Milt Gabler
7%
2010 Ahmet Ertegun Award Mort Shuman
7%
2024 Musical Excellence Norman Whitfield
7%
1997 Ahmet Ertegun Award Syd Nathan
7%
2012 Musical Excellence Cosimo Matassa
5%
2010 Ahmet Ertegun Award Ellie Greenwich and Jeff Barry
5%
2005 Ahmet Ertegun Award Frank Barsalona
5%
2020 Ahmet Ertegun Award Jon Landau
5%
2000 Musical Excellence King Curtis
5%
2023 Ahmet Ertegun Award Doc Cornelius
3%
No matching quizzes found
Score Distribution
Percent of People with Each Score
Percentile by Number Answered
Your Score History
You have not taken this quiz